| 000 | 01188pam a2200325 a 4500 | ||
|---|---|---|---|
| 999 |
_c8809 _d8809 |
||
| 001 | 8809 | ||
| 003 | BD-JhCC | ||
| 005 | 20180304112756.0 | ||
| 008 | 930421r19931957mau 001 0aeng | ||
| 020 |
_a0807059099 : _c$10.95 |
||
| 035 | _a(BD-JhCC)8809 | ||
| 040 |
_aDLC _cDLC _dDLC _dBD-JhCC |
||
| 041 | _aeng | ||
| 050 | 0 | 0 |
_aDS481.G3 _bA3 1993 |
| 082 | 0 | 0 |
_a954.03/5/092 _aB _220 _bGAN 1993 |
| 100 | 0 |
_aGandhi, _cMahatma, _d1869-1948. |
|
| 240 | 1 | 0 | _aSatyanā prayogo athavā ātmakathā. |
| 245 | 1 | 3 |
_aAn autobiography : _bthe story of my experiments with truth / _cMohandas K. Gandhi ; translated from the original in Gujarati by Mahadev Desai ; with a foreword by Sissela Bok. |
| 260 |
_aBoston : _bBeacon Press, _cc1993. |
||
| 300 |
_axxix, 528 p. ; _c21 cm. |
||
| 500 | _aCover title: Gandhi, an autobiography. | ||
| 500 | _aIncludes index. | ||
| 500 | _aOriginally published: 1957. | ||
| 600 | 0 | 0 |
_aGandhi, _cMahatma, _d1869-1948. |
| 650 | 0 |
_aStatesmen _zIndia _xBiography. |
|
| 700 | 1 |
_aDesai, Mahadev H. _q(Mahadev Haribhai), _d1892-1942. |
|
| 856 | 4 | 2 |
_3Publisher description _uhttp://www.loc.gov/catdir/description/hm031/93019758.html |
| 942 |
_2ddc _cBK |
||